Statistiken für Zweitgrößte Städte

Klicken Sie hier um das Quiz zu spielen!

Allgemein

  • Dieses Quiz wurde 147 mal gespielt
  • Das Durchschnittsergebnis liegt bei 11 aus 14

Antwortstatistiken

BundeslandEW in Tsd.Stadt% Korrekt
Bayern511Nürnberg
98%
Bremen113Bremerhaven
95%
Nordrhein-Westfalen619Düsseldorf
95%
Hessen279Wiesbaden
92%
Sachsen555Dresden
91%
Baden-Württemberg311Mannheim
86%
Mecklenburg-Vorpommern96Schwerin
86%
Niedersachsen249Braunschweig
84%
Sachsen-Anhalt236Magdeburg
81%
Thüringen110Jena
79%
Schleswig-Holstein216Lübeck
76%
Brandenburg98Cottbus
70%
Rheinland-Pfalz172Ludwigshafen
57%
Saarland46Neunkirchen
53%

Verteilung der Resultate

Perzentil nach korrekt beantworteten Fragen

Anzahl Personen mit jedem Resultat

Ihre Resultats-Entwicklung

Sie haben dieses Quiz noch nicht gespielt